Genética agrícola : (Registro nro. 62555)
[ vista simple ]
| 000 -LEADER | |
|---|---|
| fixed length control field | 00873nam a2200265 a 4500 |
| 001 - CONTROL NUMBER | |
| control field | 62555 |
| 003 - CONTROL NUMBER IDENTIFIER | |
| control field | Mx-PuUPA |
| 005 - DATE AND TIME OF LATEST TRANSACTION | |
| control field | 20220510162654.0 |
| 008 - FIXED-LENGTH DATA ELEMENTS--GENERAL INFORMATION | |
| fixed length control field | 150513s2011 gw a r 000 0 spa d |
| 020 ## - INTERNATIONAL STANDARD BOOK NUMBER | |
| International Standard Book Number | 978-3-8443-4653-4 |
| 040 ## - CATALOGING SOURCE | |
| Transcribing agency | Mx-PuUPA |
| 082 0# - DEWEY DECIMAL CLASSIFICATION NUMBER | |
| Classification number | 631.5233 |
| Item number | LAU |
| 100 1# - MAIN ENTRY--PERSONAL NAME | |
| Personal name | Laurentin Táriba, Hernán Eduardo, |
| Relator term | autor |
| 9 (RLIN) | 921 |
| 245 10 - TITLE STATEMENT | |
| Title | Genética agrícola : |
| Remainder of title | desde la molécula del ADN hasta el manejo de poblaciones vegetales / |
| Statement of responsibility, etc. | Hernán Eduardo Laurentin Táriba. |
| 250 ## - EDITION STATEMENT | |
| Edition statement | 1a. edición |
| 264 #1 - PRODUCTION, PUBLICATION, DISTRIBUTION, MANUFACTURE, AND COPYRIGHT NOTICE | |
| Place of production, publication, distribution, manufacture | Alemania : |
| Name of producer, publisher, distributor, manufacturer | Editorial Académica Española, |
| Date of production, publication, distribution, manufacture, or copyright notice | 2011 |
| 300 ## - PHYSICAL DESCRIPTION | |
| Extent | 233 páginas : |
| Other physical details | ilustraciones ; |
| Dimensions | 22 cm. |
| 336 ## - CONTENT TYPE | |
| Content type term | texto |
| Source | rdacontent |
| 337 ## - MEDIA TYPE | |
| Media type term | sin mediación |
| Source | rdamedia |
| 338 ## - CARRIER TYPE | |
| Carrier type term | volumen |
| Source | rdacarrier |
| 650 #4 - SUBJECT ADDED ENTRY--TOPICAL TERM | |
| Topical term or geographic name entry element | Mutación (biología) |
| 650 #4 - SUBJECT ADDED ENTRY--TOPICAL TERM | |
| Topical term or geographic name entry element | Variación (biología) |
| 650 #4 - SUBJECT ADDED ENTRY--TOPICAL TERM | |
| Topical term or geographic name entry element | Genética agrícola |
| 942 ## - ADDED ENTRY ELEMENTS (KOHA) | |
| Source of classification or shelving scheme | Dewey Decimal Classification |
| Koha item type | Libro |
| Withdrawn status | Lost status | Source of classification or shelving scheme | Damaged status | Not for loan | Collection code | Home library | Current library | Shelving location | Date acquired | Source of acquisition | Inventory number | Total Checkouts | Full call number | Barcode | Date last seen | Date last checked out | Price effective from | Koha item type |
|---|---|---|---|---|---|---|---|---|---|---|---|---|---|---|---|---|---|---|
| Dewey Decimal Classification | General | Biblioteca Karol Wojtyla | Biblioteca Karol Wojtyla | Sala general | 13/05/2015 | Compra | 151000000000000000012971 | 1 | 631.5233 LAU 2011 | 93875 | 05/01/2026 | 29/11/2019 | 14/09/2015 | Libro |